NLSUI OPAC header image

Third world patent covnention (Record no. 3188)

MARC details
000 -LEADER
fixed length control field 00426nam a2200157Ia 4500
008 - FIXED-LENGTH DATA ELEMENTS--GENERAL INFORMATION
fixed length control field 160316s1990 xxu||||| |||| 00| 0 eng d
082 ## - DEWEY DECIMAL CLASSIFICATION NUMBER
Classification number 346.048600
Item number THI
100 ## - MAIN ENTRY--PERSONAL NAME
Personal name
245 ## - TITLE STATEMENT
Title Third world patent covnention
250 ## - EDITION STATEMENT
Edition statement
260 ## - PUBLICATION, DISTRIBUTION, ETC.
Place of publication, distribution, etc. New Delhi
Name of publisher, distributor, etc. National Working Group on Patent Laws
Date of publication, distribution, etc. 1990
300 ## - PHYSICAL DESCRIPTION
Extent 157
Other physical details
Dimensions
365 ## - TRADE PRICE
Price amount Rs.125
650 ## - SUBJECT ADDED ENTRY--TOPICAL TERM
Topical term or geographic name entry element 1. Convention - Patent Laws - Third World Countries
700 ## - ADDED ENTRY--PERSONAL NAME
Personal name
--
Holdings
Withdrawn status Lost status Damaged status Not for loan Home library Current library Shelving location Date acquired Cost, normal purchase price Total Checkouts Full call number Barcode Date last seen Price effective from Koha item type
        . .   30.05.2017 125.00   346.0486 THI 3349 14.06.2024 30.05.2017 BOOKs